000 00599nam a2200241Ia 4500
005 20260320201007.0
008 008 262003s9999 xx 000 0 eng d
037 _aEBOOK
040 _aCRL
040 _beng
040 _cCRL
041 _2eng
041 _aeng
084 _qCRL
100 _aVan Trees
_91133980
245 0 _aBayesian Bounds for Parameter Estimation and Nonlinear Filtering/Tracking
260 _bIEEE
260 _c2007
856 _uhttps://ieeexplore.ieee.org/servlet/opac?bknumber=5263120
942 _cEBOOK
999 _c1718157
_d1718157